Normal view MARC view

Entry Uniform Title

Number of records used in: 1

001 - CONTROL NUMBER

  • control field: 36377

003 - CONTROL NUMBER IDENTIFIER

  • control field: dpl

005 - DATE AND TIME OF LATEST TRANSACTION

  • control field: 20111201114554.0

008 - FIXED-LENGTH DATA ELEMENTS

  • fixed length control field: 111201|||a|||||| | ||| d

040 ## - CATALOGING SOURCE

  • Original cataloging agency: dpl
  • Transcribing agency: dpl

130 ## - HEADING--UNIFORM TITLE

  • Uniform title: Studies in social ecology and environmental history; edited by Madhav Gadgil (and) Ramachandra Guah

670 ## - SOURCE DATA FOUND

  • Source citation: Work cat.: (dpl): Baviskar, Amita 36376, In the belly of the river:, 2011

670 ## - SOURCE DATA FOUND

  • Source citation: Work cat.: (dpl): Baviskar, Amita 36376, In the belly of the river:, 2011

© Delhi Public Library
Hit Counter
free hit counter